El Museo de América (Record no. 7258)
[ view plain ]
| 000 -CABECERA | |
|---|---|
| campo de control de longitud fija | 00888nam a2200277 a 4500 |
| 001 - NÚMERO DE CONTROL | |
| campo de control | BRCA_7584 |
| 005 - FECHA Y HORA DE LA ÚLTIMA TRANSACCIÓN | |
| campo de control | 20190320205911.0 |
| 008 - DATOS DE LONGITUD FIJA--INFORMACIÓN GENERAL | |
| campo de control de longitud fija | 200613s1962----sp-a######---#000-0#spa-# |
| 041 ## - CÓDIGO DE LENGUA | |
| Código de lengua del texto/banda sonora o título independiente | spa |
| 044 ## - CÓDIGO DEL PAÍS DE LA ENTIDAD EDITORA/PRODUCTORA | |
| Código MARC del país | sp |
| 050 #4 - SIGNATURA TOPOGRÁFICA DE LA BIBLIOTECA DEL CONGRESO | |
| Número de clasificación | N3455.M79 |
| Número de documento/Ítem | .F47 1962 |
| 100 1# - ENTRADA PRINCIPAL--NOMBRE DE PERSONA | |
| Nombre de persona | Fernández Vega de Ferrandis, Pilar |
| 9 (RLIN) | 18707 |
| 245 10 - MENCIÓN DE TÍTULO | |
| Título | El Museo de América |
| Mención de responsabilidad, etc. | Pilar Fernández Vega de Ferrandis. |
| 260 ## - PUBLICACIÓN, DISTRIBUCIÓN, ETC. | |
| Lugar de publicación, distribución, etc. | Madrid |
| Nombre del editor, distribuidor, etc. | Memoria del Curso |
| Fecha de publicación, distribución, etc. | 1962 |
| 300 ## - DESCRIPCIÓN FÍSICA | |
| Extensión | 21 p. |
| Otras características físicas | il., 10 láminas |
| Dimensiones | 24 cm. |
| 500 ## - NOTA GENERAL | |
| Nota general | Estado físico: portada y contraportada rotas, sujetadas por un lazo. |
| 500 ## - NOTA GENERAL | |
| Nota general | Separata de la Catedra ´Fernando el Católico´ |
| 500 ## - NOTA GENERAL | |
| Nota general | S83 |
| 610 24 - PUNTO DE ACCESO ADICIONAL DE MATERIA--NOMBRE DE ENTIDAD CORPORATIVA | |
| Nombre de entidad corporativa o nombre de jurisdicción como elemento de entrada | Museo de América (Madrid) |
| 9 (RLIN) | 18708 |
| 650 14 - PUNTO DE ACCESO ADICIONAL DE MATERIA--TÉRMINO DE MATERIA | |
| Término de materia o nombre geográfico como elemento de entrada | Arte |
| Subdivisión geográfica | Madrid |
| 9 (RLIN) | 7766 |
| 650 14 - PUNTO DE ACCESO ADICIONAL DE MATERIA--TÉRMINO DE MATERIA | |
| Término de materia o nombre geográfico como elemento de entrada | Galerías y museos |
| Subdivisión geográfica | España |
| 9 (RLIN) | 7331 |
| 650 14 - PUNTO DE ACCESO ADICIONAL DE MATERIA--TÉRMINO DE MATERIA | |
| Término de materia o nombre geográfico como elemento de entrada | Arte colonial |
| 9 (RLIN) | 7904 |
| 650 14 - PUNTO DE ACCESO ADICIONAL DE MATERIA--TÉRMINO DE MATERIA | |
| Término de materia o nombre geográfico como elemento de entrada | Arte precolombino |
| 9 (RLIN) | 18709 |
| 902 ## - CATALOGADOR | |
| Iniciales | GFM |
| 942 ## - ELEMENTOS DE PUNTO DE ACCESO ADICIONAL (KOHA) | |
| Fuente del sistema de clasificación o colocación | Library of Congress Classification |
| Tipo de ítem Koha | Libros |
| Estado de retiro | Estado de pérdida | Estado dañado | No para préstamo | Localización permanente | Ubicación/localización actual | Fecha de adquisición | Número de inventario | Total de préstamos | Signatura topográfica completa | Código de barras | Fecha visto por última vez | Precio válido a partir de | Tipo de ítem Koha |
|---|---|---|---|---|---|---|---|---|---|---|---|---|---|
| El ejemplar forma parte de la colección y puede ser consultado según las políticas vigentes. | Biblioteca del Museo Franz Mayer (Rogerio Casas-Alatriste) | Biblioteca del Museo Franz Mayer (Rogerio Casas-Alatriste) | 20/06/2013 | S83 | N3455.M79 .F47 1962 (S83) | 8192 | 22/03/2019 | 22/03/2019 | Libros |